Computational Structural Mechanics/ (Record no. 1248)

000 -LEADER
fixed length control field 00351 a2200109 4500
020 ## - INTERNATIONAL STANDARD BOOK NUMBER
International Standard Book Number 8120317343
082 ## - DEWEY DECIMAL CLASSIFICATION NUMBER
Classification number 624.171105 RAJ
100 ## - MAIN ENTRY--PERSONAL NAME
Personal name Rajasekaran, S.
245 ## - TITLE STATEMENT
Title Computational Structural Mechanics/
Statement of responsibility, etc. S. Rajasekaran, G. Sankarasubramanian
260 ## - PUBLICATION, DISTRIBUTION, ETC.
Place of publication, distribution, etc. New Delhi :
Name of publisher, distributor, etc. Prentice Hall of India,
Date of publication, distribution, etc. 2001
300 ## - PHYSICAL DESCRIPTION
Extent xiv, 782p. :
Other physical details ill. ;
Dimensions 25 cm
Accompanying material CD
650 ## - SUBJECT ADDED ENTRY--TOPICAL TERM
Topical term or geographic name entry element Structural Mechanics
Holdings
Withdrawn status Lost status Damaged status Not for loan Permanent Location Current Location Shelving location Date acquired Total Checkouts Full call number Barcode Date last seen Price effective from Koha item type
        School of Civil and Environmental Engineering (SCEE) School of Civil and Environmental Engineering (SCEE)       624.171105 RAJ NIT-758 01/05/2017 01/05/2017 Book
© 2023 Central Library, National University of Sciences and Technology. All Rights Reserved.